[Event "Open Int. d'Echecs des Sables d'Olonne 2"]
[Site "Les Sables d'Olonne ; France"]
[Date "2014.07.13"]
[Round "3.4"]
[White "Imperor, Lorene"]
[Black "Sumets, Andrey"]
[Result "0-1"]
[WhiteElo "1865"]
[BlackElo "2632"]
[Annotator "Violeau,Jean-Luc"]
[PlyCount "76"]
[EventDate "2014.??.??"]

1. d4 Nf6 2. Bf4 c5 3. c3 cxd4 4. cxd4 Qb6 5. b3 d5 6. e3 Nc6 7. Nf3 Bf5 8. a3
e6 9. Be2 Qa5+ 10. Nbd2 Be7 11. b4 Qd8 12. O-O O-O 13. Nh4 Be4 14. f3 Bg6 15.
Nxg6 hxg6 16. Bg3 Bd6 17. Bxd6 Qxd6 18. f4 a5 19. b5 Ne7 20. Qb3 a4 21. Qd3
Rfc8 22. Rfc1 Qb6 23. Nf3 Ne4 24. Ne5 f6 25. Nf3 Qa5 26. Ne1 Kf7 27. Qd1 Nf5
28. Nc2 Qd2 29. Qxd2 Nxd2 30. g4 Nb3 31. gxf5 Nxa1 32. fxg6+ Ke7 33. Rxa1 Rxc2
34. Bd1 Rb2 35. Rc1 Kd6 36. Bf3 Rh8 37. Bg2 Rh6 38. e4 Rxg6 {0-1 Imperor,L 
(1865)-Sumets,A (2632)/LES SABLES D OLONNE 2014} 0-1

[Event "Open Int. d'Echecs des Sables d'Olonne 2"]
[Site "Les Sables d'Olonne ; France"]
[Date "2014.07.14"]
[Round "4.1"]
[White "Degraeve, Jean-Marc"]
[Black "Kunin, Vitaly"]
[Result "1/2-1/2"]
[WhiteElo "2579"]
[BlackElo "2567"]
[Annotator "Violeau,Jean-Luc"]
[PlyCount "122"]
[EventDate "2014.??.??"]

1. e4 c5 2. Nf3 e6 3. c3 Nf6 4. e5 Nd5 5. Bc4 b6 6. O-O Bb7 7. d4 cxd4 8. cxd4
Be7 9. Bxd5 exd5 10. Nc3 Na6 11. Re1 Nc7 12. Bf4 O-O 13. Qb3 d6 14. Rad1 Qd7
15. Bg3 Rad8 16. Re3 h6 17. Qa3 Bc6 18. exd6 Bxd6 19. Bxd6 Qxd6 20. Qxa7 Bd7
21. Qa3 Qxa3 22. bxa3 Bg4 23. Rb1 Bxf3 24. Rxf3 Rd6 25. Kf1 Rc6 26. Ke2 Ne6 27.
Kd3 Rc4 28. Rb4 Nxd4 29. Re3 Rd8 30. Rxc4 dxc4+ 31. Kxc4 Nc2 32. Re4 f5 33. Re5
Rd4+ 34. Kb5 Rd3 35. Ne2 Rxa3 36. Kxb6 Rxa2 37. Nc3 Ra3 38. Nb5 Rb3 39. Kc5 Rb2
40. Kc4 Nb4 41. Rxf5 Nc6 42. Nc3 Rc2 43. g3 g6 44. Rf6 Ne7 45. Rf3 Nc6 46. Kd5
Nd8 47. h4 Kg7 48. Ne4 Ra2 49. Rb3 Ra5+ 50. Nc5 Ne6 51. Kxe6 Rxc5 52. Rb7+ Kg8
53. Rd7 Rf5 54. f4 Ra5 55. g4 h5 56. f5 Ra6+ 57. Ke7 Kg7 58. fxg6 Kxg6 59. Rd6+
Rxd6 60. gxh5+ Kxh5 61. Kxd6 Kxh4 {1/2-1/2 Degraeve,J (2579)-Kunin,V (2567)/
LES SABLES D OLONNE 2014} 1/2-1/2

[Event "Open Int. d'Echecs des Sables d'Olonne 2"]
[Site "Les Sables d'Olonne ; France"]
[Date "2014.07.14"]
[Round "4.2"]
[White "Sumets, Andrey"]
[Black "Djuric, Stefan"]
[Result "1-0"]
[WhiteElo "2632"]
[BlackElo "2393"]
[Annotator "Violeau,Jean-Luc"]
[PlyCount "97"]
[EventDate "2014.??.??"]

1. d4 Nf6 2. c4 c6 3. Nc3 d6 4. e4 Nbd7 5. Nf3 e5 6. Be2 Be7 7. O-O O-O 8. Be3
Qc7 9. h3 Re8 10. Qc2 a6 11. a3 Bf8 12. d5 g6 13. Nd2 Bg7 14. b4 Rf8 15. dxc6
bxc6 16. Rac1 Kh8 17. Nb3 Nh5 18. Bxh5 gxh5 19. Rfd1 Rg8 20. Kh1 Nf6 21. f4 h4
22. fxe5 dxe5 23. Qf2 Nh5 24. Ne2 Qe7 25. Rf1 Be6 26. Nc5 Rad8 27. Qf3 Ng3+ 28.
Nxg3 hxg3 29. Qxg3 Bc8 30. Qf3 Qh4 31. Qf2 Qxf2 32. Rxf2 f6 33. a4 Rd6 34. b5
cxb5 35. cxb5 axb5 36. axb5 Rgd8 37. Ra2 h5 38. Rb1 Bf8 39. Ra8 Rb6 40. Nd7 Rd6
41. Nxf8 Kg8 42. Ng6 Kf7 43. Nh4 Bb7 44. Ra7 R6d7 45. Rb4 Ke6 46. Kh2 Rc8 47.
Nf5 Rg8 48. Ra6+ Bxa6 49. bxa6 {Kd5 1-0 Sumets,A (2632)-Djuric,S (2393)/LES
SABLES D OLONNE 2014} 1-0

[Event "Open Int. d'Echecs des Sables d'Olonne 2"]
[Site "Les Sables d'Olonne ; France"]
[Date "2014.07.14"]
[Round "4.3"]
[White "Chabanon, Jean-Luc"]
[Black "Greenfeld, Alon"]
[Result "1/2-1/2"]
[WhiteElo "2477"]
[BlackElo "2540"]
[Annotator "Violeau,Jean-Luc"]
[PlyCount "61"]
[EventDate "2014.??.??"]

1. d4 Nf6 2. c4 g6 3. Nc3 d5 4. Nf3 Bg7 5. e3 O-O 6. Bd2 c5 7. dxc5 Na6 8. cxd5
Nxc5 9. Bc4 a6 10. a4 Bf5 11. O-O Rc8 12. Nd4 Bd3 13. Bxd3 Nxd3 14. Qb3 Nc5 15.
Qa2 Nce4 16. Nxe4 Nxe4 17. Bb4 Bxd4 18. exd4 Nf6 19. d6 exd6 20. Qa3 Rc6 21.
Rac1 a5 22. Bd2 Rxc1 23. Rxc1 Qb6 24. Re1 Qxd4 25. Bc3 Qf4 26. g3 Qf5 27. Qxd6
Ne4 28. Rxe4 Qxe4 29. Qf6 Qb1+ 30. Kg2 Qe4+ 31. Kg1 {1/2-1/2 Chabanon,J (2477)
-Greenfeld,A (2540)/LES SABLES D OLONNE 2014} 1/2-1/2

[Event "Open Int. d'Echecs des Sables d'Olonne 2"]
[Site "Les Sables d'Olonne ; France"]
[Date "2014.07.14"]
[Round "4.4"]
[White "Bedouin, Xavier"]
[Black "Agrest, Evgenij"]
[Result "0-1"]
[WhiteElo "2341"]
[BlackElo "2587"]
[Annotator "Violeau,Jean-Luc"]
[PlyCount "82"]
[EventDate "2014.??.??"]

1. d4 d5 2. c4 c6 3. Nf3 Nf6 4. e3 a6 5. Bd3 Bg4 6. Nbd2 e6 7. O-O Nbd7 8. Qc2
dxc4 9. Qxc4 Be7 10. b3 c5 11. Bb2 Rc8 12. dxc5 Rxc5 13. Qf4 Rd5 14. Bc2 Bd6
15. Qc4 Nb6 16. Qc3 Qe7 17. e4 Rc5 18. Qd3 e5 19. b4 Rc8 20. a3 Bd7 21. Rfc1
O-O 22. Bb3 Na4 23. Bxa4 Bxa4 24. Nc4 Rcd8 25. Qe3 Ng4 26. Qe1 f6 27. Nfd2 Bb8
28. h3 Nh6 29. Nb6 Bc6 30. Ndc4 f5 31. exf5 Qg5 32. Ne3 Nxf5 33. Rxc6 Nxe3 34.
fxe3 bxc6 35. Nc4 Rd7 36. Rd1 Rxd1 37. Qxd1 e4 38. Qd7 Qg3 39. Qe6+ Kh8 40. Be5
Bxe5 41. Nxe5 Qxe3+ {0-1 Bedouin,X (2341)-Agrest,E (2587)/LES SABLES D OLONNE
2014} 0-1

[Event "Open Int. d'Echecs des Sables d'Olonne 2"]
[Site "Les Sables d'Olonne ; France"]
[Date "2014.07.15"]
[Round "5.1"]
[White "Kunin, Vitaly"]
[Black "Sumets, Andrey"]
[Result "1/2-1/2"]
[WhiteElo "2567"]
[BlackElo "2632"]
[Annotator "Violeau,Jean-Luc"]
[PlyCount "48"]
[EventDate "2014.??.??"]

1. Nf3 Nf6 2. g3 d5 3. Bg2 g6 4. d4 Bg7 5. O-O O-O 6. c4 c6 7. cxd5 cxd5 8. Nc3
Ne4 9. Nxe4 dxe4 10. Ne5 Qd5 11. Be3 Nd7 12. Qc2 Nxe5 13. Bxe4 Qc4 14. dxe5
Qxc2 15. Bxc2 Bxe5 16. Be4 Bf5 17. Bxf5 gxf5 18. Rac1 Rfc8 19. b3 Kg7 20. Kg2
a6 21. f4 Bd6 22. Rxc8 Rxc8 23. Rc1 Rxc1 24. Bxc1 Kf6 {1/2-1/2 Kunin,V (2567)
-Sumets,A (2632)/LES SABLES D OLONNE 2014} 1/2-1/2

[Event "Open Int. d'Echecs des Sables d'Olonne 2"]
[Site "Les Sables d'Olonne ; France"]
[Date "2014.07.15"]
[Round "5.2"]
[White "Agrest, Evgenij"]
[Black "Okhotnik, Vladimir"]
[Result "1-0"]
[WhiteElo "2587"]
[BlackElo "2396"]
[Annotator "Violeau,Jean-Luc"]
[PlyCount "91"]
[EventDate "2014.??.??"]

1. c4 Nf6 2. Nc3 d5 3. cxd5 Nxd5 4. g3 g6 5. Bg2 Nb6 6. d3 Bg7 7. Be3 N8d7 8.
Qc1 Nf6 9. Bh6 O-O 10. Bxg7 Kxg7 11. Nf3 a5 12. O-O c6 13. Rd1 h6 14. h3 Nbd5
15. e4 Nxc3 16. bxc3 Qc7 17. e5 Nd7 18. Qe3 f6 19. exf6+ exf6 20. Rab1 Ne5 21.
Nxe5 Qxe5 22. Qxe5 fxe5 23. Re1 Kf6 24. Re3 a4 25. a3 Ra5 26. Rb4 g5 27. g4 Ke6
28. d4 Rd8 29. Bf1 Kf6 30. dxe5+ Rxe5 31. Rxe5 Kxe5 32. Rxa4 Rd1 33. f3 Be6 34.
Re4+ Kf6 35. Kf2 Ra1 36. a4 Ra2+ 37. Kg3 Bd5 38. Bc4 Bxe4 39. Bxa2 Bc2 40. a5
Ke5 41. Bf7 Bd3 42. Be8 Bc4 43. Bd7 c5 44. h4 Bf7 45. hxg5 hxg5 46. Bc6 {0-1
Agrest,E (2587)-Okhotnik,V (2396)/LES SABLES D OLONNE 2014} 1-0

[Event "Open Int. d'Echecs des Sables d'Olonne 2"]
[Site "Les Sables d'Olonne ; France"]
[Date "2014.07.15"]
[Round "5.3"]
[White "Saada, Julien"]
[Black "Degraeve, Jean-Marc"]
[Result "0-1"]
[WhiteElo "2378"]
[BlackElo "2579"]
[Annotator "Violeau,Jean-Luc"]
[PlyCount "88"]
[EventDate "2014.??.??"]

1. d4 Nf6 2. Nf3 g6 3. Nbd2 Bg7 4. e4 d6 5. Bd3 O-O 6. O-O c5 7. c3 cxd4 8.
cxd4 Nc6 9. b3 Nh5 10. Bb2 Nf4 11. Bc4 Qb6 12. e5 d5 13. Be2 Bf5 14. g3 Bc2 15.
Qxc2 Nxe2+ 16. Kg2 Nexd4 17. Nxd4 Nxd4 18. Bxd4 Qxd4 19. Nf3 Qb4 20. Rac1 e6
21. Qc5 Qxc5 22. Rxc5 Bh6 23. Rc7 Rab8 24. Nd4 Rfc8 25. Rd7 a6 26. f4 Kf8 27.
f5 gxf5 28. Nxf5 exf5 29. Rxf5 Kg8 30. Rfxf7 Rd8 31. Rc7 Re8 32. Rxh7 Bf8 33.
Rhd7 Rxe5 34. h4 a5 35. g4 b5 36. g5 a4 37. Kg3 Rbe8 38. Kg4 Re4+ 39. Kf5 axb3
40. axb3 Rxh4 41. Rxd5 b4 42. Rdd7 Rhe4 43. Rc6 R8e5+ 44. Kg6 Re6+ {1-0 Saada,
J (2378)-Degraeve,J (2579)/LES SABLES D OLONNE 2014} 0-1

[Event "Open Int. d'Echecs des Sables d'Olonne 2"]
[Site "Les Sables d'Olonne ; France"]
[Date "2014.07.15"]
[Round "5.4"]
[White "Tirard, Hugo"]
[Black "Le Roux, Jean-Pierre"]
[Result "1/2-1/2"]
[WhiteElo "2439"]
[BlackElo "2560"]
[Annotator "Violeau,Jean-Luc"]
[PlyCount "99"]
[EventDate "2014.??.??"]

1. e4 e5 2. Nf3 Nc6 3. Bb5 Nf6 4. Nc3 Bd6 5. O-O O-O 6. d3 h6 7. Ne2 Re8 8. Ng3
Bf8 9. Bxc6 bxc6 10. b3 d6 11. Bb2 Bg4 12. h3 Bxf3 13. Qxf3 g6 14. Rae1 Bg7 15.
Qd1 d5 16. Qa1 Nd7 17. Re2 Qh4 18. Qe1 Re6 19. Qa5 Nb6 20. exd5 cxd5 21. Rfe1
Qe7 22. Qd2 Re8 23. Qa5 c6 24. c4 f5 25. Nf1 e4 26. Bxg7 Kxg7 27. dxe4 fxe4 28.
cxd5 cxd5 29. Rd1 Re5 30. Qc3 Qf6 31. Ne3 Rg5 32. Qd2 h5 33. a4 a5 34. Nc2 Nd7
35. h4 Rge5 36. Ne3 Nb6 37. g3 Rc8 38. Ng2 Qd6 39. Qd4 Qf6 40. Qd2 Rc5 41. Qd4
Rc6 42. Nf4 Rf5 43. Red2 Qxd4 44. Rxd4 Rc2 45. b4 Nxa4 46. bxa5 Nc3 47. R4d2
Rxd2 48. Rxd2 d4 49. Ne6+ Kf6 50. Nxd4 {1/2-1/2 Tirard,H (2439)-Le Roux,J 
(2560)/LES SABLES D OLONNE 2014} 1/2-1/2

[Event "Open Int. d'Echecs des Sables d'Olonne 2"]
[Site "Les Sables d'Olonne ; France"]
[Date "2014.07.15"]
[Round "6.1"]
[White "Sumets, Andrey"]
[Black "Greenfeld, Alon"]
[Result "1/2-1/2"]
[WhiteElo "2632"]
[BlackElo "2540"]
[Annotator "Violeau,Jean-Luc"]
[PlyCount "114"]
[EventDate "2014.??.??"]

1. d4 Nf6 2. c4 g6 3. Nf3 Bg7 4. e3 O-O 5. Be2 c5 6. d5 b5 7. cxb5 a6 8. bxa6
Bxa6 9. Nc3 Bxe2 10. Qxe2 e6 11. O-O exd5 12. Rd1 Nc6 13. Nxd5 Nxd5 14. Rxd5
Qe7 15. Qc4 Na5 16. Qc2 Qe6 17. e4 Rfe8 18. Bd2 Qxe4 19. Rxc5 Nc6 20. Qxe4 Rxe4
21. Bc3 Bxc3 22. Rxc3 Re2 23. Rb3 Ra4 24. Kf1 Rc2 25. a3 Re4 26. Re1 d5 27. g3
Kg7 28. Rb5 h6 29. h4 Rec4 30. Re2 d4 31. Rxc2 Rxc2 32. Ne1 Rd2 33. Rc5 d3 34.
Nxd3 Nd4 35. Rc3 Rd1+ 36. Ne1 Rb1 37. b4 Ra1 38. a4 Rxa4 39. Rc4 Nf5 40. Nd3
Ra1+ 41. Kg2 Ra3 42. Ne5 Kf6 43. Re4 Rb3 44. Nd7+ Kg7 45. Rf4 Ne7 46. Ne5 f6
47. Nd7 Nd5 48. Rd4 Nxb4 49. Nc5 Rb2 50. Rd7+ Kf8 51. h5 gxh5 52. Rh7 Nd5 53.
Kf3 h4 54. g4 Rb4 55. Ne6+ Ke8 56. Nc7+ Nxc7 57. Rxc7 h3 {1/2-1/2 Sumets,A 
(2632)-Greenfeld,A (2540)/LES SABLES D OLONNE 2014} 1/2-1/2

[Event "Open Int. d'Echecs des Sables d'Olonne 2"]
[Site "Les Sables d'Olonne ; France"]
[Date "2014.07.15"]
[Round "6.2"]
[White "Degraeve, Jean-Marc"]
[Black "Agrest, Evgenij"]
[Result "0-1"]
[WhiteElo "2579"]
[BlackElo "2587"]
[Annotator "Violeau,Jean-Luc"]
[PlyCount "64"]
[EventDate "2014.??.??"]

1. e4 c6 2. d4 d5 3. exd5 cxd5 4. c4 Nf6 5. Nc3 Be6 6. Nge2 dxc4 7. Nf4 Bg4 8.
f3 Bd7 9. Bxc4 e6 10. d5 e5 11. Nd3 Bd6 12. Be3 O-O 13. O-O Na6 14. Rc1 Rc8 15.
Ne4 Nxe4 16. fxe4 Qh4 17. Bxa6 Qxe4 18. Re1 bxa6 19. Nc5 Qf5 20. Rf1 Qg4 21.
Qxg4 Bxg4 22. h3 Be2 23. Rfe1 Bh5 24. Nxa6 e4 25. Bc5 Bf4 26. Bxf8 Rxc1 27.
Rxc1 Bxc1 28. Bc5 Be2 29. Nc7 Bxb2 30. Bxa7 Be5 31. Bb6 Bc4 32. Kf2 Bxa2 0-1

[Event "Open Int. d'Echecs des Sables d'Olonne 2"]
[Site "Les Sables d'Olonne ; France"]
[Date "2014.07.15"]
[Round "6.3"]
[White "Meijers, Viesturs"]
[Black "Kunin, Vitaly"]
[Result "0-1"]
[WhiteElo "2475"]
[BlackElo "2567"]
[Annotator "Violeau,Jean-Luc"]
[PlyCount "70"]
[EventDate "2014.??.??"]

1. e4 d6 2. d4 Nf6 3. Nc3 Nbd7 4. Nf3 e5 5. Bc4 Be7 6. O-O O-O 7. a4 c6 8. Ba2
Qc7 9. Qe2 a5 10. Rd1 exd4 11. Nxd4 Nc5 12. h3 Re8 13. Bg5 h6 14. Bh4 Bd7 15.
Bg3 Qb6 16. Nb3 d5 17. exd5 cxd5 18. Nxc5 Bxc5 19. Qd3 d4 20. Nb5 Re7 21. Re1
Rae8 22. Rxe7 Rxe7 23. Bc4 Ne4 24. Bc7 Qf6 25. Rf1 Nxf2 26. Bd8 Nxd3 27. Rxf6
Re1+ 28. Rf1 Rxf1+ 29. Kxf1 Nxb2 30. Bb3 Bxb5+ 31. axb5 a4 32. Bd5 Nd1 33. Ke1
Ne3 34. Ba2 Nxc2+ 35. Kd2 Nb4 {0-1 Meijers,V (2475)-Kunin,V (2567)/LES SABLES
D OLONNE 2014} 0-1

[Event "Open Int. d'Echecs des Sables d'Olonne 2"]
[Site "Les Sables d'Olonne ; France"]
[Date "2014.07.15"]
[Round "6.4"]
[White "Lagarde, Maxime"]
[Black "Chabanon, Jean-Luc"]
[Result "1/2-1/2"]
[WhiteElo "2521"]
[BlackElo "2477"]
[Annotator "Violeau,Jean-Luc"]
[PlyCount "55"]
[EventDate "2014.??.??"]

1. Nf3 d5 2. c4 c6 3. d4 e6 4. Nc3 dxc4 5. a4 Bb4 6. e4 Nf6 7. Bxc4 Nxe4 8. O-O
Nxc3 9. bxc3 Bxc3 10. Ra3 Bb4 11. Rb3 a5 12. Ne5 Nd7 13. Qg4 Qf6 14. Qg3 Nxe5
15. dxe5 Qg6 16. Qh4 Be7 17. Qd4 O-O 18. Rg3 Rd8 19. Qe3 Qc2 20. Qh6 Bf8 21.
Qf6 Rd4 22. Ba3 Qf5 23. Bxf8 Qxf6 24. exf6 Kxf8 25. Rxg7 Rf4 26. Rxh7 Rxf6 27.
Rd1 Rf4 28. Bf1 1/2-1/2

[Event "Open Int. d'Echecs des Sables d'Olonne 2"]
[Site "Les Sables d'Olonne ; France"]
[Date "2014.07.15"]
[Round "6.5"]
[White "Le Roux, Jean-Pierre"]
[Black "Le Pen, Steven"]
[Result "1-0"]
[WhiteElo "2560"]
[BlackElo "1984"]
[Annotator "Violeau,Jean-Luc"]
[PlyCount "47"]
[EventDate "2014.??.??"]

1. d4 Nf6 2. Nf3 g6 3. g3 Bg7 4. Bg2 O-O 5. O-O d5 6. c4 e6 7. Qc2 c6 8. Nbd2
Nbd7 9. Rd1 b6 10. e4 dxe4 11. Nxe4 Nxe4 12. Qxe4 Ba6 13. Bg5 Qc8 14. Ne5 Nxe5
15. dxe5 Qc7 16. Rd6 Rac8 17. Rad1 Rfe8 18. Qf4 c5 19. Rd7 Qxe5 20. Qxf7+ Kh8
21. Bh6 Rg8 22. Bxg7+ Qxg7 23. Qf4 g5 24. Qe4 1-0

[Event "Open Int. d'Echecs des Sables d'Olonne 2"]
[Site "Les Sables d'Olonne ; France"]
[Date "2014.07.16"]
[Round "7.1"]
[White "Agrest, Evgenij"]
[Black "Kunin, Vitaly"]
[Result "1/2-1/2"]
[WhiteElo "2587"]
[BlackElo "2567"]
[Annotator "Violeau,Jean-Luc"]
[PlyCount "112"]
[EventDate "2014.??.??"]

1. c4 e6 2. Nc3 d5 3. d4 Nf6 4. cxd5 Nxd5 5. Nf3 c5 6. g3 cxd4 7. Nxd5 Qxd5 8.
Qxd4 Qb5 9. e4 Qb4+ 10. Bd2 Nc6 11. Qxb4 Bxb4 12. Bb5 Bd7 13. Rc1 Bxd2+ 14.
Kxd2 Ke7 15. Ke3 Rac8 16. Rhd1 Ne5 17. Bxd7 Nxd7 18. b3 Nb6 19. Ne5 Rxc1 20.
Rxc1 Rc8 21. Rxc8 Nxc8 22. Kd4 Nb6 23. f4 f6 24. Nd3 Nd7 25. a4 g5 26. fxg5
fxg5 27. b4 Kd6 28. e5+ Kc6 29. h4 gxh4 30. gxh4 Nf8 31. h5 b6 32. Nf2 a5 33.
bxa5 bxa5 34. Ng4 Nd7 35. Nf6 Nf8 36. Kc4 Kb6 37. Ne4 Nd7 38. Kd4 Kc6 39. Ng5
Nf8 40. Nf7 Kb6 41. Ng5 Kc6 42. Ne4 Nd7 43. Nf6 Nf8 44. Ng8 Nd7 45. Ne7+ Kb6
46. Nc8+ Kc6 47. Nd6 Nb6 48. Nf7 Nxa4 49. Ng5 h6 50. Nf7 Kd7 51. Nxh6 Ke7 52.
Ng4 Kf7 53. Kc4 Nb6+ 54. Kb5 Nd7 55. Kc6 Nxe5+ 56. Nxe5+ Kg7 {1/2-1/2 Agrest,E
(2587)-Kunin,V (2567)/LES SABLES D OLONNE 2014} 1/2-1/2

[Event "Open Int. d'Echecs des Sables d'Olonne 2"]
[Site "Les Sables d'Olonne ; France"]
[Date "2014.07.16"]
[Round "7.2"]
[White "Sriram, Jha"]
[Black "Sumets, Andrey"]
[Result "1/2-1/2"]
[WhiteElo "2375"]
[BlackElo "2632"]
[Annotator "Violeau,Jean-Luc"]
[PlyCount "70"]
[EventDate "2014.??.??"]

1. d4 d5 2. Nf3 Nf6 3. c4 c6 4. cxd5 cxd5 5. Nc3 Qb6 6. e3 Bf5 7. Bd3 Bxd3 8.
Qxd3 e6 9. O-O Nc6 10. Bd2 Be7 11. Rfc1 O-O 12. Na4 Qd8 13. Nc5 Bxc5 14. Rxc5
Ne4 15. Rc2 g5 16. Ne5 Nxe5 17. dxe5 Nxd2 18. Qxd2 f5 19. exf6 Qxf6 20. Rc7 Rf7
21. Rxf7 Kxf7 22. Rc1 Re8 23. f3 Re7 24. Kf2 g4 25. Kg1 gxf3 26. Rf1 Ke8 27.
Rxf3 Qg6 28. Qb4 Qb1+ 29. Rf1 Qc2 30. h3 a6 31. a3 Qc4 32. Qb6 Qc7 33. Qd4 Qc4
34. Qb6 Qc7 35. Qd4 Qc4 {1/2-1/2 Sriram,J (2375)-Sumets,A (2632)/LES SABLES D
OLONNE 2014} 1/2-1/2

[Event "Open Int. d'Echecs des Sables d'Olonne 2"]
[Site "Les Sables d'Olonne ; France"]
[Date "2014.07.16"]
[Round "7.3"]
[White "Djuric, Stefan"]
[Black "Le Roux, Jean-Pierre"]
[Result "1-0"]
[WhiteElo "2393"]
[BlackElo "2560"]
[Annotator "Violeau,Jean-Luc"]
[PlyCount "79"]
[EventDate "2014.??.??"]

1. d4 Nf6 2. c4 g6 3. g3 Bg7 4. Bg2 d5 5. cxd5 Nxd5 6. Nf3 O-O 7. O-O Nc6 8.
Nc3 Bf5 9. Ne1 Be6 10. Nc2 Nxc3 11. bxc3 Na5 12. Bf4 c5 13. Qd3 Rc8 14. Rfd1
Qd7 15. d5 Bh3 16. Bxh3 Qxh3 17. Rab1 Qd7 18. c4 Qa4 19. Na3 e5 20. dxe6 fxe6
21. Nb5 Qxc4 22. Qa3 b6 23. Qe3 Qxa2 24. Nxa7 Rce8 25. Nb5 Nc6 26. Nd6 Re7 27.
Rxb6 Nd4 28. Rd2 Qa1+ 29. Kg2 e5 30. Bg5 Re6 31. Qe4 Qe1 32. f3 h6 33. Rb1 Qxd2
34. Bxd2 Rxd6 35. Bc3 Nf5 36. Qc4+ Kh7 37. Qxc5 Rf7 38. e4 Bf8 39. Qxe5 Bg7 40.
Qc5 {1-0 Djuric,S (2393)-Le Roux,J (2560)/LES SABLES D OLONNE 2014} 1-0

[Event "Open Int. d'Echecs des Sables d'Olonne 2"]
[Site "Les Sables d'Olonne ; France"]
[Date "2014.07.16"]
[Round "7.4"]
[White "Greenfeld, Alon"]
[Black "Lagarde, Maxime"]
[Result "1/2-1/2"]
[WhiteElo "2540"]
[BlackElo "2521"]
[Annotator "Violeau,Jean-Luc"]
[PlyCount "86"]
[EventDate "2014.??.??"]

1. d4 g6 2. g3 Bg7 3. Bg2 d6 4. e4 Nf6 5. Ne2 O-O 6. Nbc3 Na6 7. h3 e5 8. Be3
Qe7 9. O-O c6 10. Qd2 exd4 11. Bxd4 Nc5 12. Rae1 b5 13. b4 Ne6 14. Be3 Nd7 15.
Bh6 Nb6 16. Bxg7 Nxg7 17. Nd4 Bd7 18. Qh6 Qe5 19. Rd1 Nc4 20. Nf3 Qh5 21. Qxh5
Nxh5 22. Nd2 Be6 23. Nxc4 Bxc4 24. Rfe1 a5 25. a3 Rfd8 26. Bf1 Bxf1 27. Kxf1
Kf8 28. Re3 Ng7 29. Ne2 axb4 30. axb4 Ra6 31. Rc3 Ne6 32. Nd4 Nxd4 33. Rxd4 Ke7
34. Ke2 Rc8 35. Ke3 Ke6 36. h4 h5 37. Rd2 Rc7 38. Rd4 Rd7 39. Kf4 f6 40. Ke3
Rc7 41. Kf4 Rca7 42. Rcd3 Rd7 43. Rc3 Rda7 {1/2-1/2 Greenfeld,A (2540)-Lagarde,
M (2521)/LES SABLES D OLONNE 2014} 1/2-1/2

[Event "Open Int. d'Echecs des Sables d'Olonne 2"]
[Site "Les Sables d'Olonne ; France"]
[Date "2014.07.16"]
[Round "7.5"]
[White "Saada, Julien"]
[Black "Keller, Christophe"]
[Result "1/2-1/2"]
[WhiteElo "2378"]
[BlackElo "2140"]
[PlyCount "47"]
[EventDate "2014.??.??"]

1. d4 e6 2. Nf3 Nf6 3. c3 b6 4. Bg5 h6 5. Bxf6 Qxf6 6. e4 Bb7 7. Nbd2 d6 8.
Bb5+ c6 9. Bd3 Qd8 10. Qe2 Nd7 11. O-O Qc7 12. a4 Be7 13. Ne1 e5 14. Nc2 O-O
15. f4 exf4 16. Rxf4 Bg5 17. Rf2 Rae8 18. Qf1 Nf6 19. Re1 c5 20. d5 Ng4 21.
Rfe2 Ne5 22. Rf2 Ng4 23. Rfe2 Ne5 24. Rf2 1/2-1/2

[Event "Open Int. d'Echecs des Sables d'Olonne 2"]
[Site "Les Sables d'Olonne ; France"]
[Date "2014.07.16"]
[Round "7.6"]
[White "Maleki, Nicolas"]
[Black "Degraeve, Jean-Marc"]
[Result "0-1"]
[WhiteElo "2121"]
[BlackElo "2579"]
[PlyCount "64"]
[EventDate "2014.??.??"]

1. d4 Nf6 2. Nf3 c5 3. c4 cxd4 4. Nxd4 Nc6 5. Nc3 g6 6. g3 d6 7. Bg2 Bd7 8. O-O
Bg7 9. Nc2 O-O 10. e4 a6 11. Ne3 Rc8 12. Rb1 Be6 13. Ned5 Nd7 14. b3 Nc5 15.
Bb2 Bd7 16. Ne2 Bxb2 17. Rxb2 Be6 18. Nec3 a5 19. Rd2 Ra8 20. f4 f6 21. Re1 Kg7
22. Re3 Bd7 23. Re1 Be6 24. Re3 Nd7 25. Nb5 Rc8 26. Kh1 Nc5 27. e5 fxe5 28.
fxe5 Nxe5 29. Rxe5 dxe5 30. Ndc7 Bd7 31. Bh3 Bxh3 32. Rxd8 Rcxd8 0-1

[Event "Open Int. d'Echecs des Sables d'Olonne 2"]
[Site "Les Sables d'Olonne ; France"]
[Date "2014.07.16"]
[Round "7.7"]
[White "Chabanon, Jean-Luc"]
[Black "Ashanina, Olga"]
[Result "1-0"]
[WhiteElo "2477"]
[BlackElo "2000"]
[PlyCount "41"]
[EventDate "2014.??.??"]

1. d4 e6 2. c4 Nf6 3. Nf3 b6 4. Nc3 Bb4 5. Bg5 Bb7 6. e3 O-O 7. Bd3 d5 8. cxd5
exd5 9. Ne5 Qd6 10. O-O Bxc3 11. bxc3 Ne4 12. Bf4 Qe6 13. f3 Nd6 14. Qc2 f5 15.
c4 c6 16. Rac1 Na6 17. cxd5 cxd5 18. Qa4 b5 19. Bxb5 Nxb5 20. Qxb5 Bc8 21. Rc6
1-0

[Event "Open Int. d'Echecs des Sables d'Olonne 2"]
[Site "Les Sables d'Olonne ; France"]
[Date "2014.07.16"]
[Round "7.8"]
[White "Bordais, Benjamin"]
[Black "Meijers, Viesturs"]
[Result "0-1"]
[WhiteElo "2035"]
[BlackElo "2475"]
[PlyCount "88"]
[EventDate "2014.??.??"]

1. e4 c5 2. Nf3 a6 3. d4 cxd4 4. Nxd4 b6 5. c4 Bb7 6. Nc3 d6 7. Be3 Nd7 8. f3
g6 9. Qa4 Bg7 10. Be2 Ngf6 11. O-O O-O 12. Nc6 Qe8 13. Nd5 Nxd5 14. cxd5 Ne5
15. Qb3 Nxc6 16. dxc6 Bxc6 17. Qxb6 Bb5 18. Bxb5 Qxb5 19. Rab1 Qxb6 20. Bxb6
Rfb8 21. Be3 Bxb2 22. Kf2 f5 23. Ke2 Kf7 24. Kd3 fxe4+ 25. fxe4+ Ke6 26. h3 Be5
27. a4 h5 28. a5 d5 29. Rb6+ Bd6 30. Rfb1 Rc8 31. Rc1 Rxc1 32. Bxc1 Ke5 33.
Bb2+ Kf4 34. e5 Bxe5 35. Bxe5+ Kxe5 36. Rxg6 h4 37. Rg4 Rh8 38. Ke3 Rh6 39. Rb4
Rg6 40. Kf2 d4 41. Rb6 Rf6+ 42. Ke1 Rxb6 43. axb6 Kd6 44. Kf2 a5 0-1

[Event "Open Int. d'Echecs des Sables d'Olonne 2"]
[Site "Les Sables d'Olonne ; France"]
[Date "2014.07.17"]
[Round "8.1"]
[White "Kunin, Vitaly"]
[Black "Djuric, Stefan"]
[Result "0-1"]
[WhiteElo "2567"]
[BlackElo "2393"]
[Annotator "Violeau,Jean-Luc"]
[PlyCount "106"]
[EventDate "2014.??.??"]

1. d4 Nf6 2. c4 g6 3. Nc3 Bg7 4. e4 O-O 5. Be2 d6 6. Bg5 c5 7. d5 a6 8. a4 e6
9. Nf3 h6 10. Be3 exd5 11. cxd5 Re8 12. Nd2 Nbd7 13. O-O Rb8 14. Qc2 Qc7 15. h3
b6 16. Bf4 Ne5 17. Bg3 Nh5 18. Bh2 c4 19. f4 Nd3 20. Bxd3 cxd3 21. Qxd3 b5 22.
axb5 axb5 23. Kh1 b4 24. Ne2 Bxb2 25. Rab1 Bg7 26. Rfc1 Qa7 27. Bg1 Qa2 28. Rc6
Bd7 29. Rb6 Rxb6 30. Bxb6 Qa4 31. Qf3 Qc2 32. Be3 Bb5 33. Kh2 Bxe2 34. Qxe2
Rxe4 35. Qf3 Re8 36. Rxb4 Bc3 37. Re4 Ra8 38. Rc4 Ra1 39. g4 Nf6 40. Rc8+ Kg7
41. Qf2 Ra2 42. Qh4 Qd1 43. g5 Rxd2+ 44. Bxd2 Qxd2+ 45. Kh1 Qxd5+ 46. Kh2 Qa2+
47. Kh1 Qb1+ 48. Kh2 Qb2+ 49. Kg1 Bd4+ 50. Kf1 Qa1+ 51. Ke2 Qa6+ 52. Kf3 Qf1+
53. Kg3 Qf2# {0-1 Kunin,V (2567)-Djuric,S (2393)/LES SABLES D OLONNE 2014} 0-1